01176nam a2200241 a 450000100100000000500170001000800410002702000150006804000250008311101120010824501170022024600630033726000950040030000280049549000250052370000320054871000800058083000320066004900090069295201050070195201110080699900170091700001619920210625144102.0100301s20uu dr a 001 0 spa d a9768160411 aDO-SdBNPbspacBNPHU2 aEncuentro Latinoamericano Reforma del Estado y Descentralizaciónd(28-29 nov. 1997cSanto Domingo)93624210aHacia la descentralización del Estado en la República Dominicana. /ccuidado de la edición Darío Tejada.14aMemorias del Encuentro Latinoamericano, Santo Domingo 1997 aSanto Domingo :bComisión Ejecutiva para la Reforma del Sector Salud.,c[200?]fImpresel a198 p. :bil. ;c22 cm.1 aReforma y democracia1 aTejada, Daríoeed.9187222 aComisión Presidencial para la Reforma y Modernización del Estado936243 0aReforma y democracia936244 aBNPD 0010718PDaPDbPDcHDd2010-03-01iLF1l0o p16199-10r2020-06-25w2020-06-25yLFPDZNo se presta 0010718PDaPDbPDcHDd2013-06-03iLF1l0o p16199-20r2020-06-25te. 2w2020-06-25yLFPDZNo se presta c15738d15738